00668nam a22001937a 450000500170000001000150001702000120003203500140004403700130005808200120007110000270008324500580011026000340016827000830020230000190028594200260030499900190033095201250034920230912104215.0 aENG-137845 c2000.00 aEN-121377 bDBAD/PUB a759.954 aBharti, Shalini956273 aFemale attire in Miniature painting /bShalini Bharti aJaipurbLiterary circlec2012 aC-12/13 first floor opp. khandelwal girls college s. c. road bjaipur e302001 a79P.c29cm(Hb) 2ddccENh759.954mBHA c197333d197333 001040718NFICaDBADbLd2023-08-22eDBAD/PUBg2000.00l0o759.954 BHApEN-121377r2023-08-22 00:00:00t1v2000.00yEN